Model diskrétnej optimalizácie výmenného kurzu

Saved in:
Bibliographic Details
Main Author: Ivaničová, Zlatica
Format: Book Chapter
Language:Slovak
Tags: Add Tag
No Tags, Be the first to tag this record!

MARC

LEADER 00000nla a2200000 4500
001 0184823
005 20240502073153.5
041 0 |a slo 
044 |a SK 
245 1 0 |a Model diskrétnej optimalizácie výmenného kurzu  |c Zlatica Ivaničová 
100 1 |a Ivaničová, Zlatica